| 000 | 00000nam 2200000za 4500 |
| 001 | 9.837834 |
| 003 | CaOODSP |
| 005 | 20231208112859 |
| 007 | cr ||||||||||| |
| 008 | 170606s2015 onc ob f000 0 eng d |
| 040 | |aCaOODSP|beng |
| 043 | |an-cn--- |
| 086 | 1 |aPS83-3/371E-PDF |
| 245 | 00|aBuffalo Sage Wellness House (BSWH) process review |h[electronic resource] / |cAmy J. M. Pilon... [et al.]. |
| 260 | |aOttawa : |bCorrectional Service of Canada, |c2015. |
| 300 | |av, 81 p. : |btables. |
| 490 | 1 |aResearch report ; |vR-371 |
| 500 | |aIssued also in French under title: Examen des processus de la Maison de ressourcement Buffalo Sage. |
| 500 | |a"May 2015." |
| 504 | |aIncludes bibliographical references. |
| 520 | |aThe study was designed to provide a description of the profile of women who have ever attended the Buffalo Sage facility and the unique model of case management practiced at Buffalo Sage. |
| 692 | 07|2gccst|aInmates |
| 692 | 07|2gccst|aWomen |
| 692 | 07|2gccst|aIntegration |
| 700 | 1 |aPilon, Amy J. M. |
| 710 | 1 |aCorrectional Service Canada. |bResearch Branch. |
| 775 | 08|tExamen des processus de la Maison de ressourcement Buffalo Sage |w(CaOODSP)9.837837 |
| 830 | #0|aResearch report (Correctional Service Canada. Research Branch)|vR-369|w(CaOODSP)9.506063 |
| 856 | 40|qPDF|s377 KB|uhttps://publications.gc.ca/collections/collection_2017/scc-csc/PS83-3-371-eng.pdf |